• 首页
  • 本馆介绍
  • 公告通知
  • 最新文献
  • 馆藏检索
  • 电子资源
  • 读者导购
  • 参考咨询
  • 我的图书馆
  • 登录
  • 详细信息显示
  • 放入我的书架
  • 预约/预借图书
  • 作者相关作品
  • 分类相关作品
  • 丛书相关作品
  • 出版社相关作品

书目信息

  • 表格格式
  • 工作单格式
  • 卡片格式
题名:
新时代新闻传播教育
    
 
作者: 胡百精 主编
分册:  
出版信息: 北京   中国人民大学出版社  2020
页数: 256页
开本: 26cm
丛书名: 新世纪中国人民大学新闻传播学文丛
单 册:
中图分类: G210-53 , G210
科图分类:
主题词: 新闻学--传播学--教育研究--文集
电子资源:
ISBN: 978-7-300-27978-7
000 01291nam0 2200253 450
001 2038978842
005 20201203113215.52
010    @a978-7-300-27978-7@dCNY59.80
100    @a20200330d2020 em y0chiy0110 ea
101 0  @achi
102    @aCN@b110000
105    @ay z 000yy
200 1  @a新时代新闻传播教育@9xin shi dai xin wen chuan bo jiao yu@f胡百精主编
210    @a北京@c中国人民大学出版社@d2020
215    @a256页@d26cm
225 2  @a新世纪中国人民大学新闻传播学文丛
330    @a本书是“新世纪中国人民大学新闻传播学文丛”之一本,丛书按主题分为5卷,精选收入自2000年以来人大新闻学院在马克思主义新闻观、新闻历史与理论、融媒体建设与创新、公共传播与社会治理、新时代新闻传播教育方面具有重要影响的论文。这些论文能够代表该领域研究水平,是在研究视角、方法、范式等方面具有引领性和标志性的学术成果。《新时代新闻传播教育》分为新闻传播学教育理念与方向、新闻传播学教育的历史回望与启示、新闻传播学基础教育守正创新、新闻传播学业务教学探索发展等板块,立足新时代新闻传播教育面临的共性问题,回望历史总结发展经验,面向未来探讨创新的可能路径。
410  0 @12001 @a新世纪中国人民大学新闻传播学文丛
606 0  @a新闻学@x传播学@x教育研究@j文集
690    @aG210-53@v5
690    @aG210@v4
701  0 @a胡百精@9hu bai jing@4主编
801  2 @aCN@b58marc.cn@c2020-03-30
905    @aZUCC@dG210@e22
    
    新时代新闻传播教育/胡百精主编.-北京:中国人民大学出版社,2020
    256页;26cm.-(新世纪中国人民大学新闻传播学文丛)
    
    
    ISBN 978-7-300-27978-7:CNY59.80
    本书是“新世纪中国人民大学新闻传播学文丛”之一本,丛书按主题分为5卷,精选收入自2000年以来人大新闻学院在马克思主义新闻观、新闻历史与理论、融媒体建设与创新、公共传播与社会治理、新时代新闻传播教育方面具有重要影响的论文。这些论文能够代表该领域研究水平,是在研究视角、方法、范式等方面具有引领性和标志性的学术成果。《新时代新闻传播教育》分为新闻传播学教育理念与方向、新闻传播学教育的历史回望与启示、新闻传播学基础教育守正创新、新闻传播学业务教学探索发展等板块,立足新时代新闻传播教育面临的共性问题,回望历史总结发展经验,面向未来探讨创新的可能路径。
●
相关链接 在五车中查询图书 在当当中查询图书 在豆瓣中查询图书


正题名:新时代新闻传播教育     索取号:G210/22         预约/预借

序号 登录号 条形码 馆藏地/架位号 状态 备注
1 872187   2000872187   第二书库/ [索取号:G210/22] 在馆    
2 872188   2000872188   第二书库/ [索取号:G210/22] 在馆    
3 872189   2000872189   第二书库/ [索取号:G210/22] 在馆    
山东省滨州职业学院图书馆 欢迎您!
大连网信软件有限公司© 版权所有